00546cam a2200181 a 4500001001000000003000400010005001700014008003800031040002500069082001900094100003700113245003800150260004100188300002800229586005900257650002300316650002500339000018692OSt20200929165835.0880418s1986 mx a 000 0 spa d aDO-SdBNPbspacBNPHU aA861.44bC389a1 aCedrón, José Antonio,d1945-10aActas /cJosé Antonio Cedrón. aMéxico :bTierra del Fuego,c1986. a127 p. :bil. ;c20 cm. aPremio Nacional de Poesía de México, Sinaloa, 1985 4aPoesía argentina 4aLiteratura argentina